[Event "AUTO-INT-2052"]
[Site "http://www.queenalice.com/game.php?id=945998"]
[Date "2011.6.4"]
[Round "1"]
[White "chess60"]
[Black "leafar"]
[Result "0-1"]
[WhiteElo "1564"]
[BlackElo "1691"]

1. e4 e5 2. Nf3 d6 3. d4 exd4 4. Nxd4 Be7 5. Bd3 Nf6 6. f3 O-O 7. O-O c5 8. Nb3
Qb6 9. Bc4 Nbd7 10. Be3 Ne5 11. Nc3 Nxc4 12. Rb1 Nxe3 13. Qe2 Nxf1 14. Rxf1 c4+
15. Qf2 Qxf2+ 16. Rxf2 cxb3 17. axb3 d5 18. e5 Bc5 19. Nb5 Bxf2+ 20. Kxf2 Ne8
21. Nd6 Nxd6 22. exd6 Bd7 23. c4 dxc4 24. bxc4 Rac8 25. b3 Rc6 0-1

[Event "AUTO-INT-2052"]
[Site "http://www.queenalice.com/game.php?id=945999"]
[Date "2011.6.4"]
[Round "1"]
[White "leafar"]
[Black "chess60"]
[Result "0-1"]
[WhiteElo "1632"]
[BlackElo "1555"]

1. e4 e5 2. Nf3 d6 3. Be2 Nf6 4. d3 Be7 5. O-O h6 6. Nc3 c6 7. Be3 O-O 8. a4 d5
9. Nxe5 dxe4 10. Nxe4 Nxe4 11. dxe4 Bf6 12. Qxd8 Rxd8 13. Nd3 b6 14. b4 Bxa1 15.
Rxa1 a5 16. b5 cxb5 17. axb5 Nd7 18. Bf3 Re8 19. e5 Rb8 20. Bf4 Nc5 21. e6 Nxd3
22. exf7+ Kxf7 23. Bxb8 Nb4 24. c4 Be6 25. Bc7 Bxc4 26. Bxb6 Bxb5 27. Bxa5 Nc2
28. Rc1 Nd4 29. Rc7+ Re7 30. Rxe7+ Kxe7 31. Bc3 Nxf3+ 32. gxf3 g5 33. Kg2 Bd7
34. Kg3 Kf7 35. f4 Bf5 36. Bd2 Kf6 37. fxg5+ hxg5 38. h4 g4 39. Bg5+ Kg6 40. f3
Kh5 41. f4 Kg6 42. Be7 Kh5 43. Bg5 Kg6 44. Kf2 Bd7 45. Ke3 Bc6 46. Kd4 g3 0-1

[Event "AUTO-INT-2052"]
[Site "http://www.queenalice.com/game.php?id=946024"]
[Date "2011.6.4"]
[Round "1"]
[White "johnny"]
[Black "leafar"]
[Result "1-0"]
[WhiteElo "1656"]
[BlackElo "1683"]

1. d4 d5 2. Nc3 e6 3. e3 Nf6 4. Bb5+ c6 5. Bd3 Be7 6. Nf3 O-O 7. O-O c5 8. dxc5
Bxc5 9. a3 Nc6 10. Bb5 a6 11. Bxc6 bxc6 12. Na4 Bd6 13. Nc3 Qc7 14. h3 Bb7 15.
a4 Rae8 16. b3 Nd7 17. e4 dxe4 18. Nxe4 1-0

[Event "AUTO-INT-2052"]
[Site "http://www.queenalice.com/game.php?id=946025"]
[Date "2011.6.4"]
[Round "1"]
[White "leafar"]
[Black "johnny"]
[Result "0-1"]
[WhiteElo "1702"]
[BlackElo "1639"]

1. e4 e5 2. c4 d6 3. d3 Nc6 4. Nf3 Nf6 5. Be2 Be7 6. O-O O-O 7. Nc3 Be6 8. Bg5
Bg4 9. Nd5 Nxd5 10. cxd5 Bxf3 11. Bxe7 Qxe7 12. a3 Bxe2 13. Qxe2 Nd4 14. Qd1 a5
15. b4 axb4 0-1

[Event "AUTO-INT-2123"]
[Site "http://www.queenalice.com/game.php?id=976284"]
[Date "2011.8.24"]
[Round "1"]
[White "J_Ricardo"]
[Black "leafar"]
[Result "1-0"]
[WhiteElo "1547"]
[BlackElo "1561"]

1. e4 e5 2. Nf3 d6 3. Bc4 Be7 4. Nc3 Nf6 5. a3 O-O 6. d3 c6 7. b4 Bg4 8. h3 Bxf3
9. Qxf3 Nbd7 10. Be3 b5 11. Bb3 a6 12. O-O a5 13. bxa5 Qxa5 14. Ne2 Nc5 15. Rfd1
Nxb3 16. cxb3 Qc7 17. b4 d5 18. exd5 cxd5 19. Rac1 Qb7 20. Ng3 Rxa3 21. Nh5 1-0

[Event "AUTO-INT-2123"]
[Site "http://www.queenalice.com/game.php?id=976285"]
[Date "2011.8.24"]
[Round "1"]
[White "leafar"]
[Black "J_Ricardo"]
[Result "0-1"]
[WhiteElo "1579"]
[BlackElo "1529"]

1. e4 e5 2. d3 Bc5 3. Nf3 d6 4. Be2 Qf6 5. O-O h6 6. Nc3 a6 7. Nd5 Qd8 8. b4 Bd4
9. Rb1 c6 10. Ne3 Bxe3 11. Bxe3 Nf6 12. c4 Be6 13. a3 d5 14. cxd5 cxd5 15. exd5
Bxd5 16. Nxe5 b5 17. Bf3 O-O 18. Bxd5 Qxd5 19. Ng4 Nbd7 20. d4 Nxg4 0-1

[Event "AUTO-INT-2123"]
[Site "http://www.queenalice.com/game.php?id=976300"]
[Date "2011.8.24"]
[Round "1"]
[White "johndavidtelker"]
[Black "leafar"]
[Result "1-0"]
[WhiteElo "1683"]
[BlackElo "1613"]

1. d4 d5 2. Nf3 Nc6 3. a3 Nf6 4. e3 e6 5. Nbd2 Be7 6. Bd3 O-O 7. O-O b6 8. Re1
Bb7 9. b3 Bd6 10. Bb2 a5 11. e4 dxe4 12. Nxe4 Nxe4 13. Bxe4 Rb8 14. c4 e5 15. d5
f5 16. Bc2 Ne7 17. Nxe5 1-0

[Event "AUTO-INT-2123"]
[Site "http://www.queenalice.com/game.php?id=976301"]
[Date "2011.8.24"]
[Round "1"]
[White "leafar"]
[Black "johndavidtelker"]
[Result "0-1"]
[WhiteElo "1583"]
[BlackElo "1879"]

1. c4 c6 2. e4 d5 3. cxd5 cxd5 4. exd5 Nf6 5. Bb5+ Bd7 6. Bxd7+ Nbxd7 7. Qf3 Qc7
8. Nc3 a6 9. Nge2 g6 10. O-O Bg7 11. Nf4 O-O 12. Re1 Rfe8 13. d3 Rad8 14. Be3
Ne5 15. Qd1 Ned7 16. Qb3 b5 17. a4 bxa4 18. Qxa4 Qb7 19. b4 Ra8 20. Bc5 g5 21.
Nh3 Nxd5 22. Nxd5 Qxd5 23. Rad1 Nxc5 24. bxc5 Rec8 25. Rxe7 Rxc5 26. d4 Rc4 27.
Re8+ Rxe8 28. Qxe8+ Bf8 0-1

[Event "AUTO-INT-2123"]
[Site "http://www.queenalice.com/game.php?id=976312"]
[Date "2011.8.24"]
[Round "1"]
[White "leafar"]
[Black "nuage"]
[Result "0-1"]
[WhiteElo "1669"]
[BlackElo "1588"]

1. e4 e5 2. d3 Nf6 3. Nf3 Bc5 4. Be2 O-O 5. O-O h6 6. Nc3 d6 7. a3 Nc6 8. b4 Bd4
9. Nxd4 exd4 10. Nd5 a6 11. Bb2 a5 12. b5 Ne7 13. Nxf6+ gxf6 14. c3 Ng6 15. cxd4
d5 16. e5 f5 17. a4 Qg5 18. Bc1 f4 0-1

[Event "AUTO-INT-2123"]
[Site "http://www.queenalice.com/game.php?id=976313"]
[Date "2011.8.24"]
[Round "1"]
[White "nuage"]
[Black "leafar"]
[Result "1-0"]
[WhiteElo "1607"]
[BlackElo "1650"]

1. Nf3 d6 2. g3 e5 3. d3 Nc6 4. Bg2 Be7 5. O-O Nf6 6. Re1 O-O 7. e4 Bg4 8. h3
Bxf3 9. Qxf3 Nd4 10. Qe3 Nxc2 11. Qe2 Nxa1 12. b3 Nd7 13. Nc3 Nc5 14. Be3 Naxb3
15. axb3 Nxb3 16. Rb1 Nc5 17. Qg4 Nxd3 18. Bh6 Bf6 19. Nd5 1-0

[Event "AUTO-OPEN-2455"]
[Site "http://www.queenalice.com/game.php?id=976519"]
[Date "2011.8.25"]
[Round "1"]
[White "cunha"]
[Black "leafar"]
[Result "1-0"]
[WhiteElo "2815"]
[BlackElo "1544"]

1. d4 d6 2. e4 Nf6 3. Nc3 Nc6 4. Nf3 e6 5. Be2 Be7 6. O-O O-O 7. a3 Nd7 8. Be3
b6 9. d5 exd5 10. exd5 Nce5 11. Nd4 Bb7 12. f4 Ng6 13. Nc6 Bxc6 14. dxc6 Nb8 15.
Bf3 Bf6 16. Qd3 Ne7 17. Rae1 Nexc6 18. Bd5 a5 19. Ne4 Ra7 20. Rf3 1-0

[Event "AUTO-OPEN-2455"]
[Site "http://www.queenalice.com/game.php?id=976520"]
[Date "2011.8.25"]
[Round "1"]
[White "leafar"]
[Black "cunha"]
[Result "0-1"]
[WhiteElo "1542"]
[BlackElo "2816"]

1. e4 c5 2. d3 Nc6 3. Nf3 g6 4. Be2 Bg7 5. O-O Nf6 6. Bg5 d5 7. e5 Ng4 8. Nbd2
Ngxe5 9. c3 O-O 10. Nb3 c4 11. dxc4 Nxc4 12. Bxc4 dxc4 13. Qxd8 Rxd8 14. Nbd2 h6
15. Bh4 g5 16. Bg3 g4 17. Nd4 Nxd4 18. cxd4 Rxd4 19. Rad1 Bf5 0-1

[Event "AUTO-OPEN-2455"]
[Site "http://www.queenalice.com/game.php?id=976543"]
[Date "2011.8.25"]
[Round "1"]
[White "loicrclens"]
[Black "leafar"]
[Result "1-0"]
[WhiteElo "1756"]
[BlackElo "1682"]

1. d4 d5 2. Nf3 Nc6 3. e3 e6 4. Bd3 Be7 5. c3 Nf6 6. Nbd2 O-O 7. O-O Bd7 8. e4
dxe4 9. Nxe4 Nxe4 10. Bxe4 a6 11. Bc2 b5 12. Qd3 b4 13. Qxh7# 1-0

[Event "AUTO-OPEN-2455"]
[Site "http://www.queenalice.com/game.php?id=976557"]
[Date "2011.8.25"]
[Round "1"]
[White "adrb"]
[Black "leafar"]
[Result "1-0"]
[WhiteElo "1925"]
[BlackElo "1689"]

1. d4 d5 2. c4 dxc4 3. Nc3 g6 4. e4 Bg7 5. Nf3 Bg4 6. Be3 Nd7 7. Bxc4 Ngf6 8. e5
Nh5 9. Bxf7+ Kxf7 10. Ng5+ Kg8 11. Qxg4 Nf8 12. Qf3 1-0

[Event "AUTO-OPEN-2455"]
[Site "http://www.queenalice.com/game.php?id=976558"]
[Date "2011.8.25"]
[Round "1"]
[White "leafar"]
[Black "adrb"]
[Result "0-1"]
[WhiteElo "1585"]
[BlackElo "2119"]

1. e4 e6 2. Nf3 c5 3. d4 cxd4 4. Nxd4 Nf6 5. Bd3 Bc5 6. Be3 d6 7. O-O O-O 8. c3
a6 9. b4 Bb6 10. Nd2 Bd7 11. Nc4 Bc7 12. a4 Nc6 13. Nxc6 Bxc6 14. Bg5 h6 15.
Bxf6 Qxf6 16. Qd2 Rfd8 17. b5 axb5 18. axb5 Bxb5 19. Rxa8 Rxa8 20. Ne3 Bc6 21.
g3 Rd8 0-1